00552nam a22001457a 4500003000400000005001700004008004100021040001400062100003000076245013500106260001000241300002800251500010000279504002700379OSt20171010095434.0120521t xxu||||| |||| 00| 0 eng d aMMSUcULS aBacarisa, Maingelline R.  aFermentation of sweet sorghum (Sorghum bicolor) juice using different strains of saccharomyces cerevisiaecMaingelline R. Bacarisa c2007  axiv, 53 leaves c28 cm. aThesis (BS Biology) -- Mariano Marcos State University-College of Arts and Sciences, Batac City aBibliography: leaf 34